Every Character in Lord Of The Rings (Book) - Statistics

General Stats
  • This quiz has been taken 381 times
  • The average score is 39 of 87
Answer Stats
Answer % Correct
Frodo Baggins
99%
Gandalf
97%
Meriadoc Brandybuck
97%
Peregrin Took
97%
Boromir
96%
Legolas
96%
Aragorn
95%
Bilbo Baggins
95%
Fararmir
95%
Gimli
95%
Samwise Gamgee
95%
Galadriel
94%
Saruman
94%
Eowyn
92%
Arwen
91%
Elrond
91%
Theoden
90%
Eomer
89%
Denethor
87%
Celeborn
85%
Gollum
84%
Grima Wormtongue
84%
Tom Bombadil
82%
The Witchking
78%
Ham Gamgee
74%
Treebeard
72%
Gloin
70%
Haldir
70%
Goldberry
62%
Glorfindal
61%
Rosie Cotton
61%
Hama
55%
Barliman Butterbur
54%
Gamling
52%
Lobelia Sackville-Baggins
52%
Fredegar Bolger
49%
The Mouth of Sauron
47%
Shagrat
45%
Ugluk
44%
Beregond
42%
Elrohir
42%
Farmer Maggot
41%
Elladan
38%
Imrahil
38%
Otho Sackville-Baggins
32%
Quickbeam
32%
The King of the dead
31%
Bill Ferny
30%
Gorbag
30%
Grishnakh
30%
Nob
29%
Gildor Inglorion
27%
Cirdan
25%
Gwaihir
25%
Bob
21%
Erkenbrand
21%
Old Proudfoot
21%
Ghan-buri-ghan
19%
Halbarad
18%
Ioreth
18%
Ted Sandyman
18%
Mrs Maggot
16%
Snaga
16%
Erestor
13%
Farmer Cotton
13%
Harry The Gatekeeper
13%
Elfhelm
12%
Lindir
12%
Old Sandyman
12%
Galdor
10%
Mablung
10%
Tom Cotton
10%
Damrod
9%
Eothain
9%
Robin Smallburrow
8%
Daddy Twofoot
7%
Anborn
6%
Old Noakes
6%
Rory Brandybuck
6%
Bregil
5%
Hirgon
5%
Ingold
5%
Ceorl
3%
Hob Hayward
3%
Mr Mugwart
3%
Widfara
3%
Garn
0%
No matching quizzes found
Score Distribution
Percent of People with Each Score
Percentile by Number Answered
Your Score History
You have not taken this quiz